| 000 | 00634nas a2200229 i 4500 | ||
|---|---|---|---|
| 001 | 173069 | ||
| 003 | ES-MaACL | ||
| 005 | 20250217134832.0 | ||
| 008 | 091027d19171965sp | | ||at d | ||
| 022 | _a0213-263X | ||
| 080 | _a271 | ||
| 080 | _a05(46.711 Montserrat) "1917" | ||
| 245 | 0 | 0 | _aAnalecta Montserratensia. |
| 260 |
_aMontserrat : _bMonestir de Montserrat, _c1918-65. |
||
| 300 |
_a1 v. ; _c28 cm. |
||
| 362 | 0 | _aVol. 1-v. 10. | |
| 650 | 0 | 4 |
_aÓrdenes y congregaciones religiosas _915747 |
| 780 | 0 | 0 | _tRevista montserratina |
| 852 |
_aES-MaACL _jG-15138 |
||
| 866 | 0 | _o1917 | |
| 999 |
_c173069 _d173069 |
||